| 000 | 00594nam a22001697a 4500 | ||
|---|---|---|---|
| 005 | 20251108165211.0 | ||
| 008 | 250721s1981 xx 000 0 ara d | ||
| 082 | 1 | 4 | _a609.1724/فوز |
| 100 | 1 | _aالعكش، فوزي عبد الله | |
| 245 | 1 | 0 | _aإدارة التكنولوجيا في الدول النامية / |
| 264 | 1 |
_aالعين : _bجامعة الإمارات العربية المتحدة - قسم الإدارة العامة، _c1981. |
|
| 300 | _a246ص | ||
| 650 | 1 | 7 | _aالتكنولوجيا |
| 650 | 1 | 7 | _aالبلدان النامية |
| 942 |
_2ddc _cBK |
||
| 999 |
_c21940 _d21940 |
||